Vademecum de veterinaria práctica
Guardat en:
| Autor principal: | |
|---|---|
| Format: | Llibre |
| Idioma: | espanyol |
| Publicat: |
Madrid
Tecnos
1968
|
| Edició: | 4a. ed |
| Matèries: | |
| Etiquetes: |
Afegir etiqueta
Sense etiquetes, Sigues el primer a etiquetar aquest registre!
|
MARC
| LEADER | 00000nam a2200000 a 4500 | ||
|---|---|---|---|
| 001 | UCQ0135 | ||
| 003 | CL-VaPUC | ||
| 008 | 980619e19680000SP |||||||||||||||||spa|d | ||
| 082 | 0 | 4 | |a 636.089 |b PER |2 21 |
| 100 | 0 | |a Pérez Garrido, Pedro |e author |9 413170 | |
| 245 | 1 | 0 | |a Vademecum de veterinaria práctica |
| 250 | |a 4a. ed | ||
| 300 | |a 1119 p | ||
| 942 | |c BK | ||
| 945 | |d 19980619 00:00:00 |a mvenant | ||
| 260 | |a Madrid |b Tecnos |c 1968 | ||
| 650 | 0 | |a Medicina veterinaria |9 402839 | |
| 650 | 7 | |a SANIDAD ANIMAL |2 CL-VaPUC |9 395537 | |
| 650 | 7 | |a CONTROL SANITARIO |2 CL-VaPUC |9 394606 | |
| 650 | 7 | |a ENFERMEDADES DE LOS ANIMALES |2 CL-VaPUC |9 413171 | |
| 583 | |a last modification |c 19980619 00:00:00 |k Rodrigo Vera | ||
| 999 | |c 271284 |d 271282 | ||